000 00634nam a22001937a 4500
005 20170215113528.0
010 _aENG-117255
020 _a988178298481
_c675.00
035 _aEN-100787
037 _bDBAD/PUB
082 0 0 _a658.81
100 _aPingali Venugopal
245 1 0 _aSales and distribution management:
_cby Pingali Venugopal
_ban Indian perspective /
260 _aNew Delhi
_bSAGE Publications
_c2015
270 _aB1/I-1 Mohan Cooperative Industrial Area, Mathura Road
_bNew Delhi
_e110044
300 _a330p.
_c24cm(pbk)
500 _aIncludes references and index
942 _2ddc
_cEN
_h658.81
_mPIN
999 _c137604
_d137604